Werder Bremen: Alle Torschützen der 2010er - Statistiken

Allgemein
  • Dieses Quiz wurde 760 mal gespielt
  • Das Durchschnittsergebnis liegt bei 40 aus 71
Antwortstatistiken
Pos. Nat. Spieler % Korrekt
ST PER Claudio Pizarro
92%
ST USA Josh Sargent
87%
ST JAP Yuya Osako
87%
MIT KOS Milot Rashica
86%
ST GER Niclas Füllkrug
79%
ST AUT Marko Arnautovic
78%
VER BRA Naldo
78%
ST POR Hugo Almeida
77%
ST SWE Markus Rosenberg
76%
VER GER Per Mertesacker
76%
ST GER Max Kruse
75%
ST ARG Franco di Santo
74%
VER SWE Ludwig Augustinsson
74%
MIT AUT Zlatko Junuzovic
74%
MIT NED Davy Klaassen
73%
MIT BEL Kevin de Bruyne
72%
VER AUT Marco Friedl
72%
VER SRB Milos Veljkovic
72%
VER AUT Sebastian Prödl
72%
MIT DEN Thomas Delaney
72%
VER FIN Niklas Moisander
71%
ST NIG Anthony Ujah
70%
MIT GER Clemens Fritz
68%
ST GER Johannes Eggestein
68%
MIT GER Maximilian Eggestein
68%
VER GRE Sokratis
68%
ST ALG Ishak Belfodil
67%
VER DEN Jannik Vestergaard
66%
VER ARG Santiago Garcia
65%
VER CZE Theodor Selassie
65%
MIT GER Torsten Frings
64%
ST GER Davie Selke
62%
VER ITA Luca Caldirola
62%
ST AUT Martin Harnik
61%
MIT GER Aaron Hunt
58%
MIT NED Eljero Elia
58%
MIT TUR Mehmet Ekici
58%
VER SEN Lamine Sane
57%
MIT GER Marko Marin
56%
MIT TUR Nuri Sahin
55%
MIT GER Serge Gnabry
55%
ST USA Aron Johannsson
54%
MIT GER Philipp Bargfrede
52%
ST GER Nils Petersen
51%
VER COD Assani Lukimya
50%
MIT BRA Wesley
50%
MIT GER Leonardo Bittencourt
49%
VER ESP Alejandro Galvez
48%
MIT GER Fin Bartels
46%
VER SEN Papy Djilobodji
46%
MIT AUT Florian Grillitsch
45%
ST BIH Izet Hajrovic
45%
VER FRA Mikael Silvestre
44%
MIT AUT Florian Kainz
42%
MIT POL Ludovic Obraniak
42%
MIT CON Cedric Makiadi
40%
ST GMB Ousman Manneh
40%
ST NIG Joseph Akpala
37%
MIT GER Felix Kroos
35%
ST UGA Melvyn Lorenzen
35%
ST GER Sandro Wagner
35%
ST GER Lennart Thy
34%
MIT MLI Sambou Yatabare
33%
MIT GER Kevin Möhwald
28%
MIT GER Levin Öztunali
28%
MIT GER Levent Aycicek
24%
VER GER Robert Bauer
23%
VER GER Marnon Busch
19%
MIT GER Tom Trybull
19%
MIT GER Jerome Gondorf
18%
VER SRB Aleksandar Ignjovski
16%
Keine übereinstimmenden Quizze gefunden
Verteilung der Resultate
Anzahl Personen mit jedem Resultat
Perzentil nach korrekt beantworteten Fragen
Ihre Resultats-Entwicklung
Sie haben dieses Quiz noch nicht gespielt